Normal view
MARC view
Entry Personal Name
001 - CONTROL NUMBER
- control field: 10585
003 - CONTROL NUMBER IDENTIFIER
- control field: OSt
005 - DATE AND TIME OF LATEST TRANSACTION
- control field: 20160810135918.0
008 - FIXED-LENGTH DATA ELEMENTS
- fixed length control field: 160810|| aca||aabn | a|a d
040 ## - CATALOGING SOURCE
- Original cataloging agency: OSt
- Transcribing agency: OSt
100 ## - HEADING--PERSONAL NAME
- Personal name: Fritz,Sandy;Grosenbach,James.M;
670 ## - SOURCE DATA FOUND
- Source citation: Work cat.: (OSt): Fritz,Sandy;Grosenbach,James.M;, Mosby's Essential Sciences for Therapeutic Massage:, 2004
